Normal view
MARC view
- تاليف: قاسي، صبيرة
Entry Personal Name
001 - CONTROL NUMBER
- control field: 60682
003 - CONTROL NUMBER IDENTIFIER
- control field: JO-AjAnu
005 - DATE AND TIME OF LATEST TRANSACTION
- control field: 20230606083922.0
008 - FIXED-LENGTH DATA ELEMENTS
- fixed length control field: 230606|| aca||aabn | a|a d
040 ## - CATALOGING SOURCE
- Original cataloging agency: JO-AjAnu
- Transcribing agency: JO-AjAnu
100 ## - HEADING--PERSONAL NAME
- Personal name: تاليف: قاسي، صبيرة
670 ## - SOURCE DATA FOUND
- Source citation: Work cat.: (JO-AjAnu)30945: تاليف: قاسي، صبيرة, author, مدخل الى الشعر العربي المعاصر: التنظير والابداع